000 00567nam a2200205Ia 4500
005 20250326144543.0
008 250326s9999 xx 000 0 und d
020 _a0-8058-2844-3
037 _aTextbook
040 _aFMSL
_beng
_cFMSL
041 _aeng
_2eng
084 _aX:9 P1
_qFMSL
100 _aSalas E
_9746772
245 0 _aImproving teamwork in organizations
_cSalas E And Others
260 _aNew Jersey
_bNew Jersey, Lawrence
_c2001
300 _a356p
365 _b2770.1849999999999
942 _cTB
_hX:9 P1
999 _c1304148
_d1304148